[Event "Salekhard-ch"]
[Site "Salekhard"]
[Date "2015.02.01"]
[Round "7"]
[White "Vanuyto , Sergey"]
[Black "Druchenko, Mikhail"]
[Result "1-0"]
[WhiteElo "1707"]
[BlackElo "1512"]
[PlyCount "65"]
[EventDate "2015.01.23"]
[EventType "swiss"]
[EventRounds "9"]
[EventCountry "RUS"]
[SourceTitle "CBM 164 Extra"]
[Source "ChessBase"]
[SourceDate "2015.03.02"]
[SourceVersion "1"]
[SourceVersionDate "2015.03.02"]
[SourceQuality "1"]

1. e4 e5 2. Nf3 Nc6 3. Bb5 Nd4 4. Nxd4 exd4 5. c3 c5 6. 0-0 Be7 7. d3 Nf6 8. e5 Nd5 9. Qg4 g6 10. Bh6 Bf8 11. Bxf8 Kxf8 12. Qf3 Nc7 13. Bc4 d5 14. exd6 Ne6 15. Re1 Qxd6 16. Nd2 Kg7 17. Ne4 Qe7 18. h4 h6 19. h5 Rf8 20. Ng3 Rb8 21. Qd5 Bd7 22. hxg6 fxg6 23. Qe5+ Kf7 24. Ne4 Rbe8 25. Nd6+ Kg8 26. Nxe8 Rxe8 27. Re4 Qf7 28. Rae1 b6 29. Qd6 h5 30. Bxe6 Bxe6 31. Rxe6 Rxe6 32. Qxe6 Qxe6 33. Rxe6 1-0

[Event "Salekhard-ch"]
[Site "Salekhard"]
[Date "2015.01.29"]
[Round "2"]
[White "Sergeyev, Alexander"]
[Black "Vanuyto , Sergey"]
[Result "1-0"]
[WhiteElo "2379"]
[BlackElo "1707"]
[PlyCount "43"]
[EventDate "2015.01.23"]
[EventType "swiss"]
[EventRounds "9"]
[EventCountry "RUS"]
[SourceTitle "CBM 164 Extra"]
[Source "ChessBase"]
[SourceDate "2015.03.02"]
[SourceVersion "1"]
[SourceVersionDate "2015.03.02"]
[SourceQuality "1"]

1. e4 g6 2. h4 Bg7 3. h5 d5 4. exd5 Qxd5 5. Nc3 Qe5+ 6. Be2 Nc6 7. Nf3 Qa5 8. d4 Bg4 9. h6 Bf6 10. Bd2 0-0-0 11. Ne4 Qd5 12. Nxf6 Nxf6 13. c4 Qe4 14. d5 Nxd5 15. cxd5 Rxd5 16. Ng5 Qxg2 17. Bxg4+ f5 18. Bf3 Re5+ 19. Be3 Qxg5 20. Bxc6 Rd8 21. Qxd8+ Kxd8 22. 0-0-0+ 1-0